| 000 | 01135cam a22003254a 4500 | ||
|---|---|---|---|
| 001 | 15747236 | ||
| 005 | 20250318105422.0 | ||
| 008 | 090521s2009 enk b 001 0 eng c | ||
| 010 | _a 2009419334 | ||
| 015 |
_aGBA8B9167 _2bnb |
||
| 016 | 7 |
_a014777751 _2Uk |
|
| 020 | _a9781841138664 (pbk.) | ||
| 020 | _a1841138665 (pbk.) | ||
| 035 | _a(OCoLC)ocn262433626 | ||
| 040 |
_aUKM _cUKM _dBTCTA _dYDXCP _dBWKUK _dBWK _dBWX _dYLS _dDLC |
||
| 042 | _apcc | ||
| 050 | 0 | 0 |
_aK230.N27 _bA35 2009 |
| 082 |
_a340.1 _bNAF |
||
| 100 | 1 |
_aNaffine, Ngaire. _9128419 |
|
| 245 | 1 | 0 |
_aLaw's meaning of life : _bphilosophy, religion, Darwin, and the legal person / _cNgaire Naffine. |
| 260 |
_aOxford ; _aPortland, Or. : _bHart Pub., _c2009. |
||
| 300 |
_axv, 208 p. ; _c24 cm. |
||
| 440 | 0 |
_aLegal theory today _9128420 |
|
| 504 | _aIncludes bibliographical references (p. 185-193) and index. | ||
| 650 | 0 |
_aLaw _xPhilosophy. _935308 |
|
| 650 | 0 |
_aJuristic persons. _9128421 |
|
| 906 |
_a7 _bcbc _cpccadap _d2 _encip _f20 _gy-gencatlg |
||
| 942 |
_2ddc _cBK |
||
| 999 |
_c613389 _d613389 |
||